Online katalóg knižníc regiónu Turca

Milenka francúzkého poručíka (Record no. 21078)

MARC details
000 -LEADER
fixed length control field 01107nam a2200325 a 4500
001 - CONTROL NUMBER
control field 21078
003 - CONTROL NUMBER IDENTIFIER
control field VRT
005 - DATE AND TIME OF LATEST TRANSACTION
control field 20260212142527.0
008 - FIXED-LENGTH DATA ELEMENTS--GENERAL INFORMATION
fixed length control field 170328s1972 xo g 000 1 slo d
035 ## - SYSTEM CONTROL NUMBER
System control number a000581301
039 #9 - LEVEL OF BIBLIOGRAPHIC CONTROL AND CODING DETAIL [OBSOLETE]
Level of rules in bibliographic description 202210040912
Level of effort used to assign nonsubject heading access points AUTHORITY
Level of effort used to assign subject headings 201906041015
Level of effort used to assign classification gluc
Level of effort used to assign subject headings 201906041012
Level of effort used to assign classification gluc
040 ## - CATALOGING SOURCE
Original cataloging agency UKB
Language of cataloging slo
Transcribing agency UKB
Description conventions AACR2
041 1# - LANGUAGE CODE
Language code of text/sound track or separate title slo
Language code of original eng
044 ## - COUNTRY OF PUBLISHING/PRODUCING ENTITY CODE
MARC country code xo
ISO country code SK
100 1# - MAIN ENTRY--PERSONAL NAME
Personal name Fowles, John,
Dates associated with a name 1926-2005
240 10 - UNIFORM TITLE
Uniform title The French Lieutenant's Women.
Language of a work Slovensky
245 10 - TITLE STATEMENT
Title Milenka francúzkého poručíka
Statement of responsibility, etc. John Fowles ; z angl. orig. ... preložil a doslov napísal Dušan Slobodník
250 ## - EDITION STATEMENT
Edition statement 1. vyd.
260 ## - PUBLICATION, DISTRIBUTION, ETC.
Place of publication, distribution, etc. Bratislava
Name of publisher, distributor, etc. Tatran
Date of publication, distribution, etc. 1972
300 ## - PHYSICAL DESCRIPTION
Extent 410 s.
490 1# - SERIES STATEMENT
Series statement Luk - Knižnica modernej svetovej prózy
Volume/sequential designation Zv. 31
700 1# - ADDED ENTRY--PERSONAL NAME
Personal name Slobodník, Dušan,
Dates associated with a name 1927-2001
Relationship trl
-- aft
830 #0 - SERIES ADDED ENTRY--UNIFORM TITLE
Uniform title LUK - Knižnica modernej svetovej prózy
910 ## - USER-OPTION DATA (OCLC)
User-option data ukb
942 ## - ADDED ENTRY ELEMENTS (KOHA)
Source of classification or shelving scheme Dewey Decimal Classification
Koha item type Krásna literatúra pre dospelých
Suppress in OPAC No
949 ## - LOCAL PROCESSING INFORMATION (OCLC)
6 1800709510
a 22.D.90634
b KD.3997-72
949 ## - LOCAL PROCESSING INFORMATION (OCLC)
6 1800713225
a 22.D.90634
b KD.3998-72
949 ## - LOCAL PROCESSING INFORMATION (OCLC)
6 1800709626
a 22.D.90634
b PV.12875-72
949 ## - LOCAL PROCESSING INFORMATION (OCLC)
6 974947
a S.D.50471
b PV.12876-72
Holdings
Stav vyradenia Strata Poškodenie Spôsob nadobudnutia Domovská knižnica Aktuálna knižnica Dátum nadobudnutia Total checkouts Čiarový kód exemplára Date last seen Typ exemplára
      Dar Obecná knižnica Horná Štubňa Obecná knižnica Horná Štubňa 12.02.2026   4736201237 12.02.2026 Krásna literatúra pre dospelých
Projekt je podporený Slovenskou asociáciou knižníc
Prevádzkuje Turčianska knižnica Martin 2026